00622nam a2200205 a 450000100060000000300080000600500170001400800410003103500190007204000400009104100080013108200210013910000230016024500810018326000520026430000210031650000190033765000290035670000310038541846BD-RjUL20211209053447.0160606s1960 nju 001 0 eng  a(BD-RjUL)41964 aDLCcDLCdDLCdOCoLCdDLCdDLCbeng aeng00a327.01bCON 19601 aHoffmann, Stanley,00aContemporary theory in international relations /cEdited by Stanley Hoffmann aEnglewood Cliffs, N.J. :bPrentice-Hall,c1960. a293 p. ;c22 cm. aIncludes index 0aInternational relations. aHoffmann, Stanley, Editor